000
00282nam a2200109Ia 4500
005
20251222144814.0
008
251222s9999||||xx |||||||||||||| ||spa||
082
_a
371.334/M61P
245
0
_a
Productividad en el Salón de Clases:
264
_b
Ministerio de Educación
942
_c
LIB
999
_c
20212
_d
20212